000 00198 a2200097 4500
001 9128
100 _aMacadam, I
245 _aThe annual register.
260 _a
_bLongmans
_c
090 _c7305
_d7305
942 _aNUST-CAE
_cM
_c33940
999 _c244201
_d244201